| 000 | 00474nam a22001337a 4500 | ||
|---|---|---|---|
| 999 |
_c67429 _d67426 |
||
| 100 |
_aAsif Ali Somomro _a17-16MSIT09 |
||
| 245 | _aEvaluate the Accuracy of Google Translate Website Translation from English to Sindhi and Sindhi to English Language | ||
| 260 |
_aNawabshah _bQuest _c2021 |
||
| 300 | _a41p. | ||
| 650 | _aMaster of Science in Information Technology | ||
| 700 | _aDepartment of Information Technology | ||
| 856 | _uhttps://tinyurl.com/2vchff8u | ||
| 942 | _cTHESIS | ||